000 00231nam a2200097Ia 4500
008 170619s9999 xx 000 0 und d
100 _aBhattacharya
245 0 _aIndustrial electronic & control
260 _bNew Delhi:TMH
260 _c2000
546 _aENGLISH
999 _c16145
_d16145